Reconnaissance on an educational frontier

Αποθηκεύτηκε σε:
Λεπτομέρειες βιβλιογραφικής εγγραφής
Κύριος συγγραφέας: Hodgkin, R. A. (Robin A.)
Μορφή: Βιβλίο
Γλώσσα:Greek
Δημοσίευση: London : Oxford University Press, 1970
Θέματα:
Ετικέτες: Προσθήκη ετικέτας
Δεν υπάρχουν, Καταχωρήστε ετικέτα πρώτοι!

MARC

LEADER 00000cam a2200000 i 4500
001 1/100805
008 090206s1970 gre d
035 |l 10103006 
040 |a GR-MY-UA  |b gre  |e aacr 
041 0 |a gre 
082 0 |a 370.1  |2 (22) 
100 1 |a Hodgkin, R. A.   |q (Robin A.) 
245 1 0 |a Reconnaissance on an educational frontier /  |c R.A. Hodgkin 
260 |a London :   |b Oxford University Press,   |c 1970 
300 |a 108 σ.;  |c 20 εκ. 
504 |a Βιβλιογραφία: σ. [100]-104. Ευρετήριο 
650 0 0 |a Education  |x Philosophy. 
852 |a INST  |b RHODES  |e 20090206  |h 370.1 HOD  |p 005400031810  |q 005400031810  |t BK  |y 0 
901 |a BIBL4-2009-1 
909 |a Ρ  |b 156833 
970 |a ΚΟΖΑ  |b ΜΑΡΙΑ  |z 2009/02/06